Teoretické a praktické aspekty vzťahu rizika a výnosu
Príspevok je venovaný problematike posúdenia tézy, že s vyšším rizikom investície rastie aj potenciálny výnos danej investície.
Saved in:
| Main Author: | |
|---|---|
| Other Authors: | |
| Format: | Book Chapter |
| Language: | Slovak |
| Subjects: | |
| Tags: |
No Tags, Be the first to tag this record!
|
MARC
| LEADER | 00000nla$a2200000$$$4500 | ||
|---|---|---|---|
| 001 | 0150477 | ||
| 005 | 20240502072714.9 | ||
| 041 | 0 | |a slo | |
| 044 | |a SK | ||
| 245 | 1 | 0 | |a Teoretické a praktické aspekty vzťahu rizika a výnosu |c Boris Šturc, Natália Žoldáková |
| 520 | |a Príspevok je venovaný problematike posúdenia tézy, že s vyšším rizikom investície rastie aj potenciálny výnos danej investície. | ||
| 610 | 2 | 0 | |a certifikáty investičné |
| 610 | 2 | 0 | |a obchody bankové |
| 610 | 2 | 0 | |a obchody burzové |
| 610 | 2 | 0 | |a výnosy |
| 610 | 2 | 0 | |a banky centrálne |
| 610 | 2 | 0 | |a Nemecko |
| 100 | 1 | |a Šturc, Boris, 1961- | |
| 700 | 1 | |a Žoldáková, Natália, 1985- | |